Vereine mit den meisten Social-Media Followers - Statistiken

Allgemein
  • Dieses Quiz wurde 62 mal gespielt
  • Das Durchschnittsergebnis liegt bei 5 aus 10
Antwortstatistiken
Follower Mannschaft % Korrekt
229.669.292 Real Madrid
100%
222.954.098 FC Barcelona
96%
138.957.550 Manchester United
72%
89.679.679 FC Chelsea
51%
70.886.649 FC Bayern München
49%
74.184.373 FC Arsenal
47%
72.425.219 FC Liverpool
47%
70.455.575 Juventus Turin
30%
64.173.556 Manchester City
28%
71.044.513 Paris St. Germain
28%
Keine übereinstimmenden Quizze gefunden
Verteilung der Resultate
Anzahl Personen mit jedem Resultat
Perzentil nach korrekt beantworteten Fragen
Ihre Resultats-Entwicklung
Sie haben dieses Quiz noch nicht gespielt